000 00680nam a22001817a 4500
003 UA-OsUOA
001 17118
007 ta
008 20040211b un ||||| |||| 00| 0 ukr d
100 _aТубіна С
942 _cSA
040 _aUA-OsUOA
_cUA-OsUOA
_dUA-OsUOA
245 _aАвторитет заслужили працею: [Про підсумки діяльн. держ. лісогосп. об-ня "Рівнеліс" на обл. нараді в Клевані Рівнен. р-ну]
300 _aС.3
955 _a0
773 0 _w0
_tВісті Рівненщини
_dРівне
_d2004
_g№12/13/6 лют./
650 7 _aКраєзнавча робота
_2UDC
999 _c303286
_d303286